| 000 | 003540000a22001450004500 | ||
|---|---|---|---|
| 005 | 20120302064632.0 | ||
| 942 | _cBOOK | ||
| 100 | _a Sharma, Bharatkumar Kisanlal. | ||
| 245 | _a Zatpat Vivah Tharanyasathi 51 Todage. | ||
| 260 | _aPune : Khandoba Prakashan. | ||
| 300 | _a24 p. | ||
| 040 | _amar | ||
| 365 | _bRs.20/- | ||
| 650 | _aSankirna / Todage. | ||
| 999 |
_c362671 _d362668 |
||